|
|
|
|
| LEADER |
00000nab a2200000uu 4500 |
| 001 |
vtls011480630 |
| 003 |
SK-MaSNL |
| 005 |
20260303212610.0 |
| 008 |
230222|2004 xo |||||||||||||||||eng| |
| 015 |
|
|
|a SNBRB
|
| 035 |
|
|
|a (urnnbn)urn:nbn:sk:snk:ar-005d6a
|
| 035 |
|
|
|a (uuid)1aff7518-9415-47c4-a279-50f2f6b4b27f
|
| 035 |
|
|
|a urn:nbn:sk:snk-abd84y
|
| 040 |
|
|
|a SNKBUCL
|b slo
|c SNKBUCL
|e AACR2
|
| 041 |
0 |
|
|a eng
|
| 044 |
|
|
|a xo
|c SK
|
| 100 |
1 |
|
|a Dudrová, Eva,
|d 1941-
|4 aut
|9 236741
|
| 245 |
1 |
0 |
|a CONTRIBUTION TO ANALYSIS OF COMPACTION OF METAL POWDERS
|c Kaytbay S. H. M., E. Dudrová
|
| 246 |
3 |
|
|a PRÍSPEVOK K ANALÝZE LISOVANIA PRÁŠKOVÝCH KOVOV
|
| 700 |
1 |
|
|a Kaytbay S. H. M.
|4 aut
|9 1245542
|
| 773 |
0 |
|
|t Acta Metallurgica Slovaca : časopis Hutníckej fakulty Technickej univerzity Košice
|g Roč. 10, č. 1 (2004), s. 42-48
|
| 958 |
|
|
|a OND
|
| 958 |
|
|
|a EUIPO
|
| 958 |
|
|
|a article18
|
| 999 |
|
|
|c 2208113
|d 2210043
|